000 00643nam a2200241Ia 4500
003 OSt
005 20221005122535.0
006 a|||||r|||| 00| 0
007 ta
008 221004b |||||||| |||| 00| 0 kan d
024 _a60912
037 _cTextual
040 _aCRL
_cCRL
_bkan
041 _2kan
_akan
082 _aO33,1MMAH:g, M9
100 _aKolharkulkarni Krishna Au.
_9632155
245 0 _aKakhandki shri Mahipatira Yaru
260 _c1989
650 _a KANNAD POETRY
650 _aKANNAD LITERATURE
942 _hO33,1MMAH:g, M9
_cTEXL
_2cc
999 _c1044597
_d1044597